000 01741cam a2200337 a 4500
001 16932874
005 20170105102844.0
008 110824s2012 nyu b 001 0 eng
010 _a 2011035217
020 _a9781441104625 (hardcover : alk. paper)
020 _a1441104623 (hardcover : alk. paper)
020 _a9781441180070 (pbk. : alk. paper)
020 _a1441180079 (pbk. : alk. paper)
040 _aDLC
_cDLC
_dDLC
042 _apcc
050 0 0 _aJZ1405
_b.B48 2012
082 0 0 _a327.2
_223
100 1 _aBerridge, Geoff.
245 1 0 _aEmbassies in armed conflict /
_cG. R. Berridge.
260 _aNew York :
_bContinuum,
_c2012.
300 _axi, 207 p. ;
_c23 cm.
490 0 _aKey studies in diplomacy
504 _aIncludes bibliographical references and index.
505 0 _aIntroduction -- The military component: defence section; military advisers; intelligence officers -- Embassies in enemy states: initial siege; prompt and dignified departures; internment pending exchange; preserving diplomatic relations -- Neutral embassies to belligerents: helping expatriates; reporting the war; commercial work; protecting foreign interests -- Belligerent embassies to neutrals: propaganda; espionage and special operations; evaders and escapers; placating the host; handling peace feelers -- Embassies to frontline allies: in conventional warfare; in low-intensity warfare.
650 0 _aDiplomatic and consular service.
650 0 _aDiplomatic and consular service, British.
650 0 _aDiplomatic and consular service, American.
906 _a7
_bcbc
_corignew
_d1
_eecip
_f20
_gy-gencatlg
942 _2ddc
_cBK
999 _c13990
_d13990